| 000 | 00394nam a2200145Ia 4500 | ||
|---|---|---|---|
| 003 | yeezen | ||
| 005 | 20240102145549.0 | ||
| 008 | 180207s9999||||xx |||||||||||||| ||und|| | ||
| 020 |
_cNT2330 _a978-1-61711-029-0 |
||
| 100 | _aChung | ||
| 245 | 0 |
_cChung _aCardiopulmonary Physical Therapy: Management and Case Studies |
|
| 260 | _c2014 | ||
| 500 | _a放置單位_復健中心 | ||
| 942 |
_2ccl _cLNTERM |
||
| 999 |
_c4199 _d4199 |
||